Գերմանիայի եւ Թիւրքիայի տնտեսա-քաղաքական փոխ-յարաբերութիւնը : (Record no. 96232)
[ view plain ]
| 000 -LEADER | |
|---|---|
| fixed length control field | 00670nam a2200169 u 4500 |
| 001 - CONTROL NUMBER | |
| control field | 000265040 |
| 003 - CONTROL NUMBER IDENTIFIER | |
| control field | AM-YeHGA |
| 005 - DATE AND TIME OF LATEST TRANSACTION | |
| control field | 20250618071751.0 |
| 008 - FIXED-LENGTH DATA ELEMENTS--GENERAL INFORMATION | |
| fixed length control field | 030923g1915 gs |||||||||||||||||arm|c |
| 040 ## - CATALOGING SOURCE | |
| Original cataloging agency | AM-YeHGA |
| 090 ## - LOCALLY ASSIGNED LC-TYPE CALL NUMBER (OCLC); LOCAL CALL NUMBER (RLIN) | |
| -- | 97537 |
| 100 1# - MAIN ENTRY--PERSONAL NAME | |
| Personal name | Իշխանյան, Բախշի, |
| Dates associated with a name | 1879-1921 |
| 9 (RLIN) | 3571 |
| 245 10 - TITLE STATEMENT | |
| Title | Գերմանիայի եւ Թիւրքիայի տնտեսա-քաղաքական փոխ-յարաբերութիւնը : |
| Remainder of title | (Քննական տես.) / |
| Statement of responsibility, etc. | Բախշի Իշխանեան. |
| 260 ## - PUBLICATION, DISTRIBUTION, ETC. | |
| Place of publication, distribution, etc. | Թիֆլիս : |
| Name of publisher, distributor, etc. | Կովկասի Փոխարքայի դիւանատան տպ, |
| Date of publication, distribution, etc. | 1915. |
| 300 ## - PHYSICAL DESCRIPTION | |
| Extent | 64 էջ. |
| 650 14 - SUBJECT ADDED ENTRY--TOPICAL TERM | |
| Topical term or geographic name entry element | Ներքին քաղաքականություն |
| 9 (RLIN) | 4909 |
| Withdrawn status | Lost status | Damaged status | Not for loan | Collection | Home library | Current library | Date acquired | Total checkouts | Full call number | Barcode | Date last seen | Price effective from | Koha item type | Public note |
|---|---|---|---|---|---|---|---|---|---|---|---|---|---|---|
| General | Fundamental Scientific Library | Fundamental Scientific Library | 22/12/2016 | 327(43+56) | 220079038 | 22/12/2016 | 22/12/2016 | Գրքեր / Books | 30 Days Loan | |||||
| General | Fundamental Scientific Library | Fundamental Scientific Library | 22/12/2016 | 327(43+56) | 220079044 | 22/12/2016 | 22/12/2016 | Գրքեր / Books | 30 Days Loan | |||||
| General | Fundamental Scientific Library | Fundamental Scientific Library | 22/12/2016 | AII/9890 | FL0016255 | 22/12/2016 | 22/12/2016 | Գրքեր / Books | 30 Days Loan |
ՀՀ Գիտությունների ազգային ակադեմիայի հիմնարար գիտական գրադարան = Fundamental Scientific Library of NAS RA
All site content, except where otherwise noted, is licensed under a